Normal view
MARC view
Entry Personal Name
001 - CONTROL NUMBER
- control field: 687
003 - CONTROL NUMBER IDENTIFIER
- control field: OSt
005 - DATE AND TIME OF LATEST TRANSACTION
- control field: 20240703153605.0
008 - FIXED-LENGTH DATA ELEMENTS
- fixed length control field: 240703|| aca||aabn | a|a d
040 ## - CATALOGING SOURCE
- Original cataloging agency: OSt
- Transcribing agency: OSt
100 ## - HEADING--PERSONAL NAME
- Personal name: ^d20110504 10:01:11^oanne
670 ## - SOURCE DATA FOUND
- Source citation: Work cat.: (OSt)1839: Longman exams dictionary your key to exam success longman /, 2006.